| 000 | 00399cam a22001571 4500 | ||
|---|---|---|---|
| 040 | _cFM | ||
| 082 | _a694 WIL 1948 A049 Or. | ||
| 100 | 1 | _aHansen, Howard James. | |
| 245 | 1 | 0 | _aTimber engineers' handbook. |
| 260 |
_aNew York, _bJ. Wiley _c[c1948] |
||
| 300 |
_aix, 882 p. _billus. _c22 cm. |
||
| 650 | 0 | _aBuilding, Wooden. | |
| 650 | 0 | _aBuildings | |
| 650 | 0 | _aStrains and stresses. | |
| 942 | _cEK | ||
| 999 |
_c13932 _d13932 |
||